000 00396nam a2200133Ia 4500
008 211109s9999||||xx |||||||||||||| ||und||
082 _a894.81207
_bACH-P
100 _aAchuthan, M
245 0 _aPaschathya Sahithya Darsanam
260 _bSahithya Pravarthaka...
_aKottayam
_c1967
630 _xPOST GRADUATE REFERENCE
650 _aMalayalam literature
_vLiteratureStudy
_xMalayalam
942 _cBOOK
999 _c29841
_d29841